000 01070nam a2200229 i 4500
001 174424
003 ES-MaACL
005 20250831121550.0
008 100420s1818 sp |||| | spa d
100 1 _aBedoya, Juan Manuel.
_927006
245 1 0 _aOración fúnebre á la buena memoria del eminentísimo Sr. D. Pedro de Quevedo y Quintano presbítero cárdenal de la S.I.R. Obispo de Orense
_b: que en las solemnes exequias... de esta Ciudad el dia 15 de Abril de 1818 /
_cdixo el Dr. D. Juan Manuel Bedoya.
260 _aEn Santiago :
_ben la imprenta de D. Juan Bautista Moldes,
_c1818.
300 _a44 p. ;
_c21 cm.
530 _aDisponible en formato digital.
600 2 7 _aQuevedo Quintano, Pedro,
_d1736-1818-
_xBiografías
_2
_9131513
650 4 _aOraciones fúnebres.
_9136619
700 1 _aMoldes, Juan Bautista.
_9142534
852 4 _a BA
_j2256-F-11
_cDEPOF
_zRevisado enlace: 04 de Mayo de 2025
856 _uhttp://bdh-rd.bne.es/viewer.vm?id=0000112651&page=1
_yBiblioteca Digital Hispánica
942 _2udc
999 _c174424
_d174424